| 000 | 00533nmm a2200169Ia 4500 | ||
|---|---|---|---|
| 008 | 251105s9999||||xx |||||||||||||||||und|| | ||
| 020 | _a0916379582 | ||
| 041 | _aeng | ||
| 100 | _aGuzzardo, John | ||
| 245 | 0 | _aTextual History And The "Divine Comedy" | |
| 264 |
_a[Washington, Estados Unidos] : _bScripta Humanistica, _c1990 |
||
| 300 | _a150 páginas | ||
| 490 | _aItalian Literature, Language, and Culture | ||
| 650 | _aItalian literature and language | ||
| 856 | _uhttps://public.digitaliapublishing.com/a/290 | ||
| 942 | _cCF | ||
| 999 |
_c72939 _d72939 |
||